000 01065nas a2200349 4500
001 BR2015002231
003 BR-BrBNA
005 20231205125229.0
007 ta
008 230509b bl.|||p| |||| 00| 00por d
040 _aBR-BrBNA
_bpor
_cBiblioteca Nacional de Agricultura
041 _a(En)
072 _aQ04
100 1 _aCarvalho, C.B.
100 1 _aMadrona, G.S.
100 1 _aCorradine, S. da S.
100 1 _aReche, P.M.
100 1 _aPozza, M.S. dos S.
100 1 _aPrado, I.N. do
245 1 _aEvaluation of quality factors of bovine and chicken meat marinated with reduced sodium content
650 _aCARNE
650 _aFRANGO DE CORTE
650 _aVACA DE CORTE
650 _aSODIO
650 _aANALISE DE ALIMENTO
650 _aOXIDACAO
650 _aTEXTURA
773 0 _tCiência e Tecnologia de Alimentos (Brazil)
_xISSN 1678-457X
_g(Oct-Dec 2013), v. 33(4) p. 776-783
_wBR2015002231
856 4 0 _uhttp://www.scielo.br/pdf/cta/v33n4/v33n4a25.pdf
909 _a202311
_bLúcia
_c55
_dLúcia Elande
942 _2AGRIS
_n0
_cANA
999 _c243341
_d243341